<?xml version="1.0" encoding="UTF-8"?>
<marc:record xmlns:marc="http://www.loc.gov/MARC21/slim">
   <marc:leader>00000nam a2200000 a 4500</marc:leader>
   <marc:datafield ind1="1" ind2=" " tag="100">
      <marc:subfield code="a">Birck, Bengt</marc:subfield>
      <marc:subfield code="4">aut</marc:subfield>
      <marc:subfield code="e">Verfasser/-in</marc:subfield>
   </marc:datafield>
   <marc:datafield ind1="0" ind2="0" tag="245">
      <marc:subfield code="a">Kleiner Hund mit großem Herzen</marc:subfield>
   </marc:datafield>
   <marc:datafield ind1="0" ind2="0" tag="245">
      <marc:subfield code="c">Birck, Bengt</marc:subfield>
   </marc:datafield>
   <marc:datafield ind1=" " ind2="1" tag="264">
      <marc:subfield code="a">Bindlach</marc:subfield>
      <marc:subfield code="b">Loewe</marc:subfield>
      <marc:subfield code="c">2008</marc:subfield>
   </marc:datafield>
   <marc:datafield ind1="1" ind2=" " tag="490">
      <marc:subfield code="a">Lesefant</marc:subfield>
   </marc:datafield>
   <marc:datafield ind1="1" ind2=" " tag="520">
      <marc:subfield code="a">Jojo ist der gutherzige Hütehund einer Schafherde. Er setzt sich für das schwarze Schaf Birka ein, kann den eigenwilligen Schafbock Prell überreden, ihm behilflich zu sein, teilt mit der einsamen und hungrigen Hündin Eißak sein Futter und holt für den erkälteten Schäfer Benedikt einen Arzt. Während eines gefährlichen Gewitters macht Jojo sich gemeinsam mit Eißak auf die Suche nach einem vermissten Schaf. Die Rettung gelingt und Eißak darf bei Jojo und der Herde bleiben. - Die unterhaltsame Geschichte ist in kurzen verständlichen Sätzen geschrieben. Sie ist in 5 Kapitel unterteilt und hat auf jeder Seite eine bunte Illustration. Die Tierzeichnungen erinnern m.E. an "Nicci"-Tiere. Sie wurden vom Sohn des Autors liebenswert und frech dargestellt. Vom charakterstarken Hund Jojo gibt es bereits einen Erzählband. Zur Fortsetzung der Jojogeschichten oder allein für geübte Erstleser gerne empfohlen.</marc:subfield>
   </marc:datafield>
   <marc:datafield ind1=" " ind2=" " tag="020">
      <marc:subfield code="a">9783785560679</marc:subfield>
      <marc:subfield code="9">9783785560679</marc:subfield>
   </marc:datafield>
   <marc:datafield ind1=" " ind2=" " tag="020">
      <marc:subfield code="a">3785560672</marc:subfield>
      <marc:subfield code="9">3785560672</marc:subfield>
   </marc:datafield>
   <marc:datafield ind1=" " ind2=" " tag="041">
      <marc:subfield code="a">ger</marc:subfield>
   </marc:datafield>
   <marc:datafield ind1=" " ind2=" " tag="338">
      <marc:subfield code="a">Band</marc:subfield>
   </marc:datafield>
   <marc:datafield ind1=" " ind2=" " tag="300">
      <marc:subfield code="a">58 S. : überw. Ill.</marc:subfield>
   </marc:datafield>
</marc:record>
